Statystyki dla Znani ludzie według inicjałów - imiona na "W"

Kliknij tutaj aby rozwiązać quiz!

Ogólne statystyki

  • Ten quiz został rozwiązany 167 razy
  • Średni wynik to 11 z 20

Statystyki odpowiedzi

InicjałyKim jest ta osoba?Odpowiedź% Poprawnych
WPRosyjski polityk, prezydent Rosji w latach 2000-2008 i od 2012Władimir Putin
93%
WSAngielski pisarz, twórca dzieł takich jak "Romeo i Julia" czy "Hamlet"William Shakespeare
89%
WDAmerykański producent filmowy i reżyser, zdobywca 26 Oscarów, twórca postaci Myszki Miki czy Kaczora DonaldaWalt Disney
87%
WHAmerykańska piosenkarka, znana z utworów takich jak "I Will Always Love You" czy "I Wanna Dance With Somebody"Whitney Houston
87%
WJPolski polityk i działacz wojskowy, minister obrony narodowej, odpowiedzialny za wprowadzenie stanu wojennegoWojciech Jaruzelski
87%
WMAustriacki kompozytor, twórca wielu symfonii i oper, zaliczany do najwybitniejszych muzyków w historiiWolfgang Amadeusz Mozart
86%
WCBrytyjski polityk, premier Wielkiej Brytanii podczas II wojny światowejWinston Churchill
85%
WLRosyjski polityk, organizator rewolucji październikowej, twórca komunizmuWłodzimierz Lenin
82%
WKUkraińscy bokserzy, wielokrotni mistrzowie WBC w wadze ciężkiejWładimir Kliczko/Witalij Kliczko
70%
WFPolski skoczek narciarski, mistrz olimpijski z 1972 r.Wojciech Fortuna
69%
WRAngielski piłkarz, najlepszy strzelec w historii Manchesteru United i reprezentacji AngliiWayne Rooney
66%
WAAmerykański reżyser, odpowiedzialny m.in. za filmy "Hanna i jej siostry" czy "O północy w Paryżu", laureat czterech OscarówWoody Allen
48%
WGKanadyjski hokeista, najlepszy strzelec i asystent w historii NHL, uznawany za najlepszego hokeistę wszech czasówWayne Gretzky
37%
WZPolski aktor, znany z ról Habera w "C.K. Dezerterach" czy Longinusa Podbipięty w "Ogniem i mieczem"Wiktor Zborowski
34%
WWPolski polityk, trzykrotny premier RP podczas okresu międzywojennego, obalony w wyniku przewrotu majowegoWincenty Witos
30%
WNAmerykański muzyk country, współtwórca piosenki "We Are the World"Willie Nelson
12%
WUPolski żołnierz, dowódca Dywizjonu 303, jeden z najskuteczniejszych polskich asów myśliwskichWitold Urbanowicz
11%
WBAmerykański ekonomista i inwestor, jeden z najbogatszych ludzi świataWarren Buffett
10%
WTAmerykański polityk, jedyna osoba w historii pełniąca obowiązki prezydenta USA (w latach 1909-1913) i prezesa Sądu Najwyższego USA (w latach 1921-1930)William Taft
5%
WEHolenderski fizjolog, twórca podstaw elektrokardiografiiWillem Einthoven
1%

Rozkład punktacji

Percentyl według liczby udzielonych odpowiedzi

Procent ludzi z każdym wynikiem

Twoja historia wyników

Nie rozwiązałeś tego quizu